Villes les plus peuplées d'Inde - Statistiques

Statistiques générales
  • Ce quiz a été pris 196 fois
  • Le résultat moyen est 7 sur 20
Statistiques - réponses
Population Ville % Correct
12 478 447 Mumbai
99%
11 007 835 New Delhi
99%
4 681 087 Chennai
68%
6 809 970 Hyderabad
59%
4 486 679 Kolkata
55%
5 570 585 Ahmedabad
50%
3 073 350 Jaipur
49%
3 115 431 Pune
46%
2 815 601 Lucknow
28%
4 462 002 Surate
28%
8 425 970 Bengaluru
27%
2 405 421 Nagpur
20%
2 767 031 Kanpur
18%
1 960 631 Indore
17%
1 683 200 Patna
17%
1 795 648 Bhopal
16%
1 666 703 Vadodara
5%
1 730 320 Visakhapatnam
5%
1 818 872 Thane
3%
1 729 359 Pimpri-Chinchwad
1%
Aucun quiz correspondant
Distribution des résultats
% des personnes avec chaque résultat
Percentile par nombre de réponses
Votre historique - résultats
Vous n’avez pas pris ce quiz